Score 0/19 Timer 04:00
0 Plays Today
Phrase Word % Correct
The lips, the teeth, the tip of the ______; the tip of the ______, the teeth, the lips.tongue
91.2%
A ______ sat on a stump and thunk the stump stunk, but the stump thunk the ______ stunk.skunk
62%
I slit a sheet, a sheet I slit, and on the slitted sheet I ______.sit
60.4%
Where's the ______ of pickled peppers Peter Piper picked?peck
58.9%
One-One was a racehorse; Two-Two was one, too. When One-One ______ one race, Two-Two ______ one, too.won
56.4%
Betty Botter bought some butter, but she said 'this butter's bitter. If I put it in my ______, it will make my _____ bitter.'batter
54.6%
A big ______ bug bit a big ______ bear; made the big ______ bear bleed blood.black
45.9%
Whether the ______ be cold, or whether the ______ be hot; we'll ______ the ______, whatever the ______, whether we like it or not.weather
44.1%
If Stu chews shoes, should Stu ______ the shoes he chews?choose
39.8%
Moses supposes his toeses are ______, but Moses supposes erroneously... roses
34.2%
Phrase Word % Correct
Red ______, yellow ______...(*repeated*)leather (or lorry)
25%
To sit in solemn silence in a dull, dark, dock/In a pestilential prison with a life-long lock/Awaiting the sensation of a short, sharp, ______shock
24.3%
I need a box of biscuits, a box of mixed biscuits, and a biscuit ______.mixer
22.2%
You know New York. You need New York. You know you need ______ New Yorkunique
13.6%
Round and round the rugged rocks the ragged ______ ran.rascal
11.8%
What a to-do to die today at a ______ or two ‘till two. A thing distinctly hard to say, but harder still to do...minute
10.1%
Theophilus Thistler, the thistle sifter, in sifting a sieve of unsifted thistles, thrust three ______ thistles through the thick of his thumb.thousand
4.2%
Roscoe the Rum Runner ______ out Rudy the Rat for ruining his rum running receipts.rubbed
3%
She stood upon the ______, inexplicably mimicking him hiccupping while amicably welcoming him in.balcony
3%

Today's Daily Dose

Remove Ads.
Support Sporcle.
Get the best of Sporcle when you Go Orange. This ad-free experience offers more features, more stats, and more fun while also helping to support Sporcle. Thank you for becoming a member.

You're not logged in!

Compare scores with friends on all Sporcle quizzes.
OR
Log In

Show Comments

Extras

Top Quizzes Today


Score Distribution

Your Account Isn't Verified!

In order to create a playlist on Sporcle, you need to verify the email address you used during registration. Go to your Sporcle Settings to finish the process.

Report this User

Report this user for behavior that violates our Community Guidelines.

Details: